|
|
|
|
| LEADER |
00000nam0a2200000 4500 |
| 001 |
133046 |
| 005 |
20231031135208.0 |
| 010 |
|
|
|a 9785382000015
|
| 035 |
|
|
|a (RuTPU)RU\TPU\book\144066
|
| 090 |
|
|
|a 133046
|
| 100 |
|
|
|a 20031210d2007 m y0rusy50 ca
|
| 101 |
0 |
|
|a rus
|
| 102 |
|
|
|a RU
|
| 105 |
|
|
|a a j 001zy
|
| 200 |
1 |
|
|a Теория вероятностей. Задачи с решениями
|e учебное пособие
|f Д. И. Золотаревская
|
| 205 |
|
|
|a 5-е изд.
|
| 210 |
|
|
|a Москва
|c Изд-во ЛКИ
|d 2007
|
| 215 |
|
|
|a 168 с.
|c ил.
|
| 225 |
1 |
|
|a Экономистам. Инженерам. Биологам
|
| 320 |
|
|
|a Библиогр.: с. 166.
|
| 330 |
|
|
|a Учебное пособие охватывает все разделы теории вероятностей, входящие в учебные программы по курсу высшей математики для студентов вузов, обучающихся по экономическим, биологическим, сельскохозяйственным и ряду технических специальностей вузов. В каждой главе приведены краткие сведения справочного характера и типовые задачи с подробно разобранными решениями. Всего в книге приведено 135 задач и решений к ним. К ряду задач даны иллюстрации, помогающие понять ход решения. Задачи, включенные в книгу, разнообразны по содержанию. Приведены задачи игрового характера, строго математические задачи, а также задачи, которые иллюстрируют возможности применения теории вероятностей в технике, экономике, биологии, в сельскохозяйственном производстве, и другие. При составлении целого ряда задач автором использованы экспериментальные данные, опубликованные в научной литературе. В каждой главе даны задачи различной степени сложности, и расположены они в порядке возрастания их трудности, поэтому пособие может быть использовано лицами с различным уровнем математической подготовки. Объяснения решений приведены в доступной для большинства студентов форме. Пособие поможет овладеть навыками самостоятельного решения задач по теории вероятностей. Предназначается для студентов вузов, обучающихся по экономическим, биологическим, сельскохозяйственным, инженерным и ряду других специальностей. Пособие может быть полезно преподавателям вузов и лицам, изучающим теорию вероятностей самостоятельно и применяющим вероятностные методы при решении практических задач.
|
| 610 |
1 |
|
|a теория вероятностей
|
| 610 |
1 |
|
|a задачи
|
| 610 |
1 |
|
|a решения
|
| 610 |
1 |
|
|a теоремы
|
| 610 |
1 |
|
|a события
|
| 610 |
1 |
|
|a вероятности
|
| 610 |
1 |
|
|a определения
|
| 610 |
1 |
|
|a геометрические вероятности
|
| 610 |
1 |
|
|a теоремы
|
| 610 |
1 |
|
|a формула Бейеса
|
| 610 |
1 |
|
|a формула Бернулли
|
| 610 |
1 |
|
|a формула полной вероятности
|
| 610 |
1 |
|
|a асимптотическая формула Лапласа
|
| 610 |
1 |
|
|a формула Пуассона
|
| 610 |
1 |
|
|a интегральная формула Лапласа
|
| 610 |
1 |
|
|a независимые испытания
|
| 610 |
1 |
|
|a случайные величины
|
| 610 |
1 |
|
|a законы распределения
|
| 610 |
1 |
|
|a учебные пособия
|
| 675 |
|
|
|a 519.2(076)
|v 3
|
| 700 |
|
1 |
|a Золотаревская
|b Д. И.
|g Дина Исааковна
|
| 801 |
|
1 |
|a RU
|b 63413507
|c 20080312
|g PSBO
|
| 801 |
|
2 |
|a RU
|b 63413507
|c 20220615
|g PSBO
|
| 942 |
|
|
|c BK
|
| 959 |
|
|
|a 29/20080306
|d 1
|e 103,00
|f ЧЗТЛ:1
|